000 00985cam a2200133 4500500
005 20260329023206.0
041 _afre
042 _adc
100 1 0 _aFarago, France
_eauthor
245 0 0 _aL'art
260 _bArmand Colin,
_c2011.
520 _a1. La représentation et l’apparence2. La pensée de l’art dans l’Antiquité : une esthétique de l’imitation3. Plotin et le Bas-Empire : la mystique guidant l’esthétique4. L’art et l’image au Moyen Âge5. L’ordre plastique de la Renaissance6. L’espace baroque : perspective sur l’infini au XVIIe siècle7. Kant et le jugement de goût8. L’esthétique idéaliste : Schelling et Hegel9. La crise de la représentation : Paul Klee (1879-1940)10. Le sacrifice de la forme11. Tarkovsky ou l’icône du cinématographe12. L’art contemporain ou les exercices du regard13. L’ontologie du visible de Merleau-Ponty
856 4 1 _uhttps://shs.cairn.info/l-art--9782200270063?lang=fr&redirect-ssocas=7080
999 _c1925370
_d1925370